00361nam a22001217a 4500008004100000040005500041080001200096100002400108245004800132260003700180300001000217650001200227230511b |||||||| |||| 00| 0 eng d aNational Science LibrarycNational Science Library a575bP3 aLeroi, Armand Marie aMutants: bOn generic variety of human body aUSA: bPenguin Books, c2005 a431p. aScience